000 00918nam a22002297a 4500
005 20240530110630.0
008 170117s2015 ua ak g b 000 0 ara d
017 _a2014/20721
_bمصر. دار الكتب
020 _a9789774384999
040 _aEG-CaGPL
_cEG-CaGPL
082 0 4 _221
_a361.072\
_bم ب
100 0 _aمنى عطية خزام خليل
245 1 2 _aالبحث فى الخدمة الاجتماعية اسس منهجية و تطبيقات عملية /
_cاعداد منى عطية خزام خليل
250 _aط. 1
260 _aالاسكندرية :
_bالمكتب الجامعى الحديث ،
_c2015.
300 _a598 ص. :
_bايض ؛
_c24 سم +
_eملاحق.
504 _aيشتمل على ارجاعات ببليوجرافية
650 0 7 _2qrmak
_aالخدمة الاجتماعية
_xبحوث
651 _2qrmak
942 _2ddc
_cBK
999 _c63237
_d63237